Welcome to the Holygrace Academy Library

Please use search bar below to get started

OXFORD ELEMENTARY LEARNER'S DICTIONARY (Record no. 2034)

MARC details
000 -LEADER
fixed length control field 00323nam a22001337a 4500
020 ## - INTERNATIONAL STANDARD BOOK NUMBER
ISBN 0-19-564047-0
082 ## - DEWEY DECIMAL CLASSIFICATION NUMBER
Classification number 030
Item number CRA/O
100 ## - MAIN ENTRY--AUTHOR NAME
Personal name CRAWLEY, ANGELA
245 ## - TITLE STATEMENT
Title OXFORD ELEMENTARY LEARNER'S DICTIONARY
260 ## - PUBLICATION, DISTRIBUTION, ETC. (IMPRINT)
Place of publication DELHI
Name of publisher OXFORD UNIVERSITY PRESS
Year of publication 2003
300 ## - PHYSICAL DESCRIPTION
Number of Pages 428
650 ## - SUBJECT ADDED ENTRY--TOPICAL TERM
Topical Term DICTIONARY
Geographic subdivision INDIA
942 ## - ADDED ENTRY ELEMENTS (KOHA)
Koha item type Books
Holdings
Withdrawn status Lost status Collection code Home library Current library Shelving location Date acquired Source of acquisition Cost, normal purchase price Full call number Accession Number Koha item type
    Reference Main Library Main Library SHELF 1 F -DICTIONARY,THEASAURUS 05/07/2006 purchase 105.00 030 CRA/O 00927 Books
    Reference Main Library Main Library SHELF 1 F -DICTIONARY,THEASAURUS 16/05/2006 purchase 105.00 030 CRA/O 00926 Books